Jagadguru Śrī Rāghavēndra Svāmigaḷavaru, 'Gurucarite' yinda. (Record no. 87924)
[ view plain ]
| 000 -LEADER | |
|---|---|
| fixed length control field | 00832cam a22002531 4500 |
| 001 - CONTROL NUMBER | |
| control field | sa 68017741 |
| 003 - CONTROL NUMBER IDENTIFIER | |
| control field | DLC |
| 005 - DATE AND TIME OF LATEST TRANSACTION | |
| control field | 20260227112705.0 |
| 008 - FIXED-LENGTH DATA ELEMENTS--GENERAL INFORMATION | |
| fixed length control field | 871028s1963 ii 000 0bkanx |
| 010 ## - LIBRARY OF CONGRESS CONTROL NUMBER | |
| LC control number | sa 68017741 |
| 025 ## - OVERSEAS ACQUISITION NUMBER | |
| Overseas acquisition number | PL480:I-Kan-1190 |
| 035 ## - SYSTEM CONTROL NUMBER | |
| System control number | (OCoLC)17213634 |
| 040 ## - CATALOGING SOURCE | |
| Original cataloging agency | DLC |
| Transcribing agency | NN |
| Modifying agency | DLC |
| 042 ## - AUTHENTICATION CODE | |
| Authentication code | premarc |
| 050 00 - LIBRARY OF CONGRESS CALL NUMBER | |
| Classification number | BL1175.B23 |
| Item number | V4 |
| 100 1# - MAIN ENTRY--PERSONAL NAME | |
| Personal name | Vedavyasacharya, H. K. |
| 240 10 - UNIFORM TITLE | |
| Uniform title | Gurucarite. |
| Form subheading | Selections |
| 245 10 - TITLE STATEMENT | |
| Title | Jagadguru Śrī Rāghavēndra Svāmigaḷavaru, 'Gurucarite' yinda. |
| Statement of responsibility, etc. | [Lēkhaka] 'Mūlaraghupati.' |
| 260 ## - PUBLICATION, DISTRIBUTION, ETC. | |
| Place of publication, distribution, etc. | Nañjanagūḍu, |
| Name of publisher, distributor, etc. | Śrī Parimala Saṃśōdhana mattu Prakāśana Mandira, |
| Date of publication, distribution, etc. | 1963. |
| 300 ## - PHYSICAL DESCRIPTION | |
| Extent | xiv, 164 p. |
| Dimensions | 19 cm. |
| 490 0# - SERIES STATEMENT | |
| Series statement | Parimaḷa prakāśana, 17. Sāhitya vibhāṅgaka, |
| Volume/sequential designation | 8 |
| 500 ## - GENERAL NOTE | |
| General note | In Kannada. |
| 600 00 - SUBJECT ADDED ENTRY--PERSONAL NAME | |
| Personal name | Rāghavendra, |
| Titles and other words associated with a name | Swami, |
| Dates associated with a name | 1601-1661. |
No items available.